Länder mit schwarzer Flagge - Statistiken

Allgemein
  • Dieses Quiz wurde 62 mal gespielt
  • Das Durchschnittsergebnis liegt bei 9 aus 16
Answers on the Grid
Answers color-coded by a green-red scale on the quiz's grid according to % correct below.
Österreich
Jamaika
Deutschland
Frankreich
Kambodscha
Eswatini
Chile
Aserbaidschan
Vietnam
Dominica
Trinidad und Tobago
Katar
Bulgarien
Mosambik
Guinea-Bissau
Zentralafrikanische Republik
Lesotho
Polen
Ägypten
Sambia
Costa Rica
Papua-Neuguinea
Belgien
Kolumbien
Algerien
Libyen
Malawi
Südafrika
Italien
Nordkorea
 
Antwortstatistiken
Antwort % Korrekt
Deutschland
95%
Jamaika
93%
Belgien
77%
Ägypten
74%
Trinidad und Tobago
67%
Südafrika
61%
Mosambik
60%
Papua-Neuguinea
56%
Libyen
51%
Eswatini
49%
Lesotho
46%
Malawi
46%
Sambia
42%
Guinea-Bissau
35%
Dominica
33%
Kambodscha
18%
Keine übereinstimmenden Quizze gefunden
Verteilung der Resultate
Anzahl Personen mit jedem Resultat
Perzentil nach korrekt beantworteten Fragen
Ihre Resultats-Entwicklung
Sie haben dieses Quiz noch nicht gespielt